Managerial economics and business strategy / (Record no. 18306)

MARC details
000 -LEADER
fixed length control field 00761cam a22002652 4500
001 - CONTROL NUMBER
control field 0000024841
003 - CONTROL NUMBER IDENTIFIER
control field OSt
005 - DATE AND TIME OF LATEST TRANSACTION
control field 20200715144313.0
008 - FIXED-LENGTH DATA ELEMENTS--GENERAL INFORMATION
fixed length control field 140319s xx 000 0 eng d
020 ## - INTERNATIONAL STANDARD BOOK NUMBER
International Standard Book Number 1259251382
040 ## - CATALOGING SOURCE
Original cataloging agency KABU
Transcribing agency KABU
050 ## - LIBRARY OF CONGRESS CALL NUMBER
Classification number HD30.22
Item number .B39 2017 c.1
100 1# - MAIN ENTRY--PERSONAL NAME
Personal name Baye, Michael R.
245 10 - TITLE STATEMENT
Title Managerial economics and business strategy /
Statement of responsibility, etc. Michael R. Baye, Jeffrey T. Prince, Jay Squalli.
250 ## - EDITION STATEMENT
Edition statement 9th ed.
260 ## - PUBLICATION, DISTRIBUTION, ETC. (IMPRINT)
Place of publication, distribution, etc. London :
Name of publisher, distributor, etc. McGraw-Hill,
Date of publication, distribution, etc. 2017.
300 ## - PHYSICAL DESCRIPTION
Extent xxvii, 548p.
650 #0 - SUBJECT ADDED ENTRY--TOPICAL TERM
Topical term or geographic name as entry element Managerial economics.
650 #0 - SUBJECT ADDED ENTRY--TOPICAL TERM
Topical term or geographic name as entry element Strategic planning.
700 1# - ADDED ENTRY--PERSONAL NAME
Personal name Prince, Jeffrey T.
700 1# - ADDED ENTRY--PERSONAL NAME
Personal name Squalli, Jay.
908 ## - PUT COMMAND PARAMETER (RLIN)
Put command parameter 140319
942 ## - ADDED ENTRY ELEMENTS (KOHA)
Source of classification or shelving scheme Library of Congress Classification
Koha item type General Collection
Holdings
Withdrawn status Lost status Source of classification or shelving scheme Not for loan Home library Current library Date acquired Total Checkouts Full call number Barcode Date last seen Price effective from Koha item type
    Library of Congress Classification   Kabarak, Main Campus Kabarak, Main Campus 15/07/2020   HD30.22 .B39 2017 c.1 028756 02/08/2024 15/07/2020 General Collection
    Library of Congress Classification   Kabarak, Main Campus Kabarak, Main Campus 15/07/2020   HD30.22 .B39 2017 c.2 028757 02/08/2024 15/07/2020 General Collection
    Library of Congress Classification   Kabarak, Main Campus Kabarak, Main Campus 15/07/2020   HD30.22 .B39 2017 c.3 028758 02/08/2024 15/07/2020 General Collection
Designed with assistance from East African Informatics Ltd